| 000 | 00360nam a2200157Ia 4500 | ||
|---|---|---|---|
| 008 | 210210b1941 xxu||||| |||| 00| 0 eng d | ||
| 041 | _aeng | ||
| 082 | _a821/976 | ||
| 100 | _aTAGORE (R) | ||
| 245 | _aThree Plays | ||
| 260 |
_aLondon _bOxford University Press _c1941 |
||
| 650 | _aThree | ||
| 650 | _aPlays | ||
| 690 | _aEnglish Drama | ||
| 906 | _a012142 | ||
| 999 |
_c130903 _d130903 |
||